000 00359 a2200145 4500
005 20250628144009.0
020 _a0-205-37609-6
082 _a150 KOS.
100 _aKOSSLYN, S.
245 _aPsychology,
250 _a2nd Ed.
260 _aNew York,
_bPeason Printice Hall,
_c2004.
300 _axxxii.; 706p.; Ill.; picture,
_bIndex,
_c28cm.
942 _2ddc
_cBKS
999 _c6060
_d6060